000 00456nam a2200169 a 4500
005 20140412111228.0
008 001115s19uu xx 00 eng d
020 _a0-394-80020-6
050 _aER
_bGo54 1961
100 _aEastman, P. D.
245 _aGo, dog, go! /
_cP. D. Eastman.
260 _a[s.l] :
_bBeginner Books,
_c1961.
300 _a64 p. ; col., ill.
440 _aI Can Read it all by Myself
650 _aDogs--Fiction
999 _c102086
_d102086